| 000 | 02336nam a22004097a 4500 | ||
|---|---|---|---|
| 005 | 20110315124249.0 | ||
| 008 | 110315t xxu||||| |||| 00| 0 eng d | ||
| 010 | _aENG-102130 B-445271-275 | ||
| 020 |
_a9780071074407 _c550.00 |
||
| 020 |
_a0071074406 _c550.00 |
||
| 035 | _aEN-85663 B-445271-275 | ||
| 037 | _bDBAD/PUB | ||
| 040 |
_adpl _bEng |
||
| 050 | 0 | 0 | _aTK5105.59 |
| 082 | 0 | 0 |
_a005.8 _222 |
| 100 | 1 |
_aScambray, Joel _926592 |
|
| 245 | 1 | 0 |
_aHacking exposed : _bweb applications : web application security secrets and solutions / _cby Joel Scambray, Vincent Liu [and] Caleb Sima |
| 250 | _a3rd ed | ||
| 260 |
_aNew Delhi _bTata McGraw-Hill _c2011 |
||
| 270 |
_a7, West Patel Nagar _bNew Delhi _e110008 |
||
| 300 |
_axxvi,451p. _b24cm (pbk) |
||
| 500 | _aIncludes bibliographical references and index. | ||
| 650 | 0 |
_aComputer networks _xSecurity measures. _926593 |
|
| 650 | 0 |
_aWeb sites _xSecurity measures. _926594 |
|
| 650 | 0 |
_aComputer security. _926595 |
|
| 700 | 1 |
_aLiu, Vincent. _926596 |
|
| 700 | 1 |
_aSima, Caleb. _926597 |
|
| 942 |
_2ddc _cEN _h005.8 _mSCA |
||
| 999 |
_c51063 _d51063 |
||